Minimálna mzda v roku 2013
Pokračovanie príspevku z predchádzajúceho čísla. Konkrétne sumy a výpočty, napr. doplatok do sumy minimálnej mzdy, doplatok do sumy minimálnej mzdy za hodinovú mzdu a iné.
Saved in:
| Main Author: | |
|---|---|
| Format: | Book Chapter |
| Language: | Slovak |
| Subjects: | |
| Tags: |
No Tags, Be the first to tag this record!
|
MARC
| LEADER | 00000naa a2200000 4500 | ||
|---|---|---|---|
| 001 | 0165792 | ||
| 005 | 20231208085608.7 | ||
| 041 | 0 | |a slo | |
| 044 | |a SK | ||
| 245 | 1 | 0 | |a Minimálna mzda v roku 2013 |c Miroslav Mačuha |
| 520 | |a Pokračovanie príspevku z predchádzajúceho čísla. Konkrétne sumy a výpočty, napr. doplatok do sumy minimálnej mzdy, doplatok do sumy minimálnej mzdy za hodinovú mzdu a iné. | ||
| 610 | 2 | 0 | |a legislatíva |
| 610 | 2 | 0 | |a Slovensko |
| 610 | 2 | 0 | |a mzdy minimálne |
| 100 | 1 | |a Mačuha, Miroslav | |